1975 1394 1306 1615 1427 1763 1643 1407 1116 1869 1270 1758 1075 1796 1961 1666 1520 1124 1680 1758 1960 1148 1953 1161 1100 1970 1727 1603 1505 1282 1545 1401 1008 1892 1265 1796 1170 1827 1499 1191 1017 1972 1888 1547 1974 1860 1778 1584 1787 1475 1124 1277 1214 1418 1092 1313 1771 1855 1859 1052 1231 1351 1172 1796 1410 1011 1541 1830 1393 1469 1858 1595 1067 1287 1852 1759 1251 1092 1044 1383 1158 1989 1684 1455 1066 1562 1707 1552 1607 1701 1179 1542 1570 1855 1522 1067 1632 1379 1875 BCNSPRNW ULIB Ver.6.0+V

เปลี่ยนเป็นภาษาไทย

Change to English
 แสดงรายละเอียดบรรณานุกรม
  กลับหน้าหลัก

Brief Record : Get Marc (ISO 2709) : E-mail record : QR code < ปิดหน้าต่าง
LEADER : 00000nam 2200000uu 4500
001    13399123146
003     ULIB
008    140403s2556||||th 000 0 tha d
020    ^a9789742478414
050  4 BQ4435^bจ713ต
100 0  ^aเจนจิรา เรียบร้อยเจริญ
245 10 ^aตัดเวร หยุดกรรม /^cเจน ญาณทิพย์ เล่า ; ภัทรภึ พุทธวัณณะ รวบรวม ;แก้วอัมพร เรียบเรียง
250    ^aพิมพ์ครั้งที่ 4
260    ^aกรุงเทพฯ :^bอมรินทร์ธรรมะ,^c2556
300    ^a177 หน้า :^bภาพประกอบ
490 0  ^aชุดธรรมะเท่าทันกรรม ;^vลำดับที่ 3
650  4 ^aกรรม
650  4 ^aการดำเนินชีวิต
650  4 ^aพุทธศาสนา^xคำสั่งสอน
700 0  ^aเจน ญาณทิพย์
700 0  ^aภัทรภี พุทณวัณณะ
945    ^p149^l0^i034406
999    ^aเกษร โพธิ์สุวรรณ
รายการนี้ยังไม่มีแท็ก
คุณยังไม่ได้ล็อกอิน คุณสามารถมีกิจกรรมร่วมกับเว็บไซต์ได้ แต่ต้องล็อกอินก่อน ::
  ล็อกอิน

รายการสื่อสารสนเทศ

ลำดับที่ ประเภท เลขเรียก/บาร์โค้ด สถานที่ สถานะ
1. การศึกษาทั่วไป
หนังสือสำรอง
สถานะ=หนังสือสำรอง
BQ4435 จ713ต ฉ.1 
  Barcode: 034406
ห้องสมุดวิทยาเขตสวรรค์ประชารักษ์
►หนังสือทั่วไป
บนชั้น

รายการใกล้เคียง
    หัวเรื่อง [กรรม]
    หัวเรื่อง [การดำเนินชีวิต]

BibComment


ยังไม่เคยถูกคอมเมนท์

คอมเมนท์ทรัพยากรรายการนี้
  คอมเมนท์: ตัดเวร หยุดกรรม ..


 Copyright 2026. Bcnsprnw @Library